A Gift for Muslim Women: (Record no. 1070)

MARC details
000 -LEADER
fixed length control field 007220000a22002410004500
003 - CONTROL NUMBER IDENTIFIER
control field LK-CoMWRAF
005 - DATE AND TIME OF LATEST TRANSACTION
control field 20230921153339.0
008 - FIXED-LENGTH DATA ELEMENTS--GENERAL INFORMATION
fixed length control field 230817t2005 ||||| |||| 00| 0 eng d
020 ## - INTERNATIONAL STANDARD BOOK NUMBER
International Standard Book Number 8171013759
040 ## - CATALOGING SOURCE
Original cataloging agency LK-CoMWRAF
Modifying agency LK-CoMWRAF
Description conventions LK-CoMWRAF
041 ## - LANGUAGE CODE
Language code of text/sound track or separate title English
082 ## - DEWEY DECIMAL CLASSIFICATION NUMBER
Classification number 297
Item number MAD
942 ## - ADDED ENTRY ELEMENTS (KOHA)
Koha item type Books
100 ## - MAIN ENTRY--PERSONAL NAME
Personal name Madani, Maulana M. Ashiq Elahi
700 ## - ADDED ENTRY--PERSONAL NAME
Personal name Rizwani , Shakir
Relator Term translator
700 ## - ADDED ENTRY--PERSONAL NAME
Personal name Hussain, Riaz
Relator Term translator
242 ## - TRANSLATION OF TITLE BY CATALOGING AGENCY
Title Tohfa-e-khavatin
245 ## - TITLE STATEMENT
Title A Gift for Muslim Women:
Remainder of title A complete English translation of the famous book Tohfa-e-khavatin
260 ## - PUBLICATION, DISTRIBUTION, ETC. (IMPRINT)
Place of publication, distribution, etc. New Delhi:
Name of publisher, distributor, etc. Idara,
Date of publication, distribution, etc. 2005
300 ## - PHYSICAL DESCRIPTION
Extent 931 p. ; 23 cm.
650 ## - SUBJECT ADDED ENTRY--TOPICAL TERM
Topical term or geographic name as entry element WOMEN IN ISLAM
650 ## - SUBJECT ADDED ENTRY--TOPICAL TERM
Topical term or geographic name as entry element Muslim women--Conduct of life.
Holdings
Withdrawn status Lost status Damaged status Not for loan Permanent Location Current Location Date acquired Full call number Barcode Koha item type
        Resource center, Muslim Women's Research And Action Forum Resource center, Muslim Women's Research And Action Forum 2023-08-17 297 MAD RAF738 Books

Copyright © 2023 Muslim Women's Research and Action Forum (MWRAF), No 27/3, Anderson Road, Kalubowila, Dehiwela. Funded by The Asia Fundation